| 000 | 00988nam a22002417a 4500 | ||
|---|---|---|---|
| 005 | 2008080600110.0 | ||
| 008 | 080806t xxu||||| |||| 00| 0 eng d | ||
| 010 | _aENG-90668 | ||
| 020 |
_a9788184350953 _c625.00 |
||
| 035 | _aEN-74201 | ||
| 037 | _bDBAD / PUB | ||
| 040 |
_aDPL _bEN |
||
| 082 | _a658.3 | ||
| 100 | _aWagdre, Hemant | ||
| 245 |
_aInternational human resource management / _cby Hemant Wagdre |
||
| 260 |
_aNew Delhi _bAdhyayan Publishers & Distributors _c2007 |
||
| 270 |
_a4.78/4B, 105, J.M.D. House, Murari Lal Street, Ansari Raod, Darya Ganj, _bNew Delhi _e110002 _k23263018 |
||
| 300 |
_avi, 216p. _c23 cm (Hb) |
||
| 500 | _aIncludes bibliographical references and index | ||
| 650 |
_aInternational business enterprises _xPersonnel management |
||
| 942 |
_2ddc _cEN _h658.3 _mWAG |
||
| 999 |
_c14736 _d14736 |
||